| 000 | 01079naa a22002657a 4500 | ||
|---|---|---|---|
| 001 | BR7702358 | ||
| 003 | BR-BrBNA | ||
| 005 | 20240918173940.0 | ||
| 007 | ta | ||
| 008 | 230509b bl.||||| |||| 00| 0 por d | ||
| 040 |
_aBR-BrBNA _bpor _cBiblioteca Nacional de Agricultura |
||
| 041 | _a(Pt) | ||
| 072 |
_aD50 _b/G514 |
||
| 090 | _aD50 BR7702358 | ||
| 100 | 1 | _aRamos, E.B. | |
| 111 | 1 |
_aSeminario Alternativas de Desenvolvimento: Pesca - Coleta e Cultivo _cSao Paulo, SP (Brazil) _dSep 1976 |
|
| 245 | 1 | _aAlgumas consideracoes sobre a legislacao que rege a atividade profissional do pescador brasileiro (Definicoes e conceitos) | |
| 260 | 3 |
_aSao Paulo, SP (Brasil): _c1977. |
|
| 500 | _aSeminario alternativas de desenvolvimento: pesca - coleta e cultivo Sao Paulo, SP (Brasil): 1977. p. 327-332 (BR7702358-AM)D50 | ||
| 650 | _aLEGISLACAO | ||
| 650 | _aPESCADOR | ||
| 773 | 0 |
_tSeminario alternativas de desenvolvimento: pesca - coleta e cultivo _wD50 BR7702358 _gSao Paulo, SP (Brasil), 1977. p. 327-332 |
|
| 909 |
_a202404 _bLucia _c55 _dLucia Elande |
||
| 942 |
_cAM _2AGRIS |
||
| 999 |
_c307890 _d307890 |
||